[Event "Barcelona Sant Marti op-A 20th"]
[Site "Barcelona"]
[Date "2018.07.21"]
[Round "9"]
[White "Perez Pastora, Evaristo"]
[Black "Riu Lopez, Daniel"]
[Result "0-1"]
[WhiteElo "2103"]
[BlackElo "1920"]
[PlyCount "56"]
[EventDate "2018.07.13"]
[EventType "swiss"]
[EventRounds "9"]
[EventCountry "ESP"]
[SourceTitle "CBM 185 Extra"]
[Source "ChessBase"]
[SourceDate "2018.07.29"]
[SourceVersion "1"]
[SourceVersionDate "2018.07.29"]
[SourceQuality "1"]

1. e4 d5 2. exd5 Qxd5 3. Nc3 Qa5 4. Bc4 Nf6 5. Nge2 e5 6. d3 Bc5 7. 0-0 0-0 8. Bg5 Nbd7 9. a3 Qb6 10. Na4 Qc6 11. Nxc5 Qxc5 12. Ng3 b5 13. Bb3 Bb7 14. Re1 h6 15. Bxf6 Nxf6 16. Nh5 Qc6 17. Nxf6+ Qxf6 18. Qh5 Rae8 19. Re3 a6 20. Rae1 e4 21. dxe4 Qxb2 22. e5 Re7 23. Rg3 Kh8 24. h3 c5 25. Ree3 c4 26. Rxg7 Qc1+ 27. Kh2 Kxg7 28. Rg3+ Kh8 0-1

[Event "Barcelona Sant Marti op-A 20th"]
[Site "Barcelona"]
[Date "2018.07.19"]
[Round "7"]
[White "Riu Lopez, Daniel"]
[Black "Minko, Dmitry"]
[Result "0-1"]
[WhiteElo "1920"]
[BlackElo "2085"]
[PlyCount "90"]
[EventDate "2018.07.13"]
[EventType "swiss"]
[EventRounds "9"]
[EventCountry "ESP"]
[SourceTitle "CBM 185 Extra"]
[Source "ChessBase"]
[SourceDate "2018.07.29"]
[SourceVersion "1"]
[SourceVersionDate "2018.07.29"]
[SourceQuality "1"]

1. e4 c5 2. Nc3 Nc6 3. f4 g6 4. Nf3 Bg7 5. Bc4 e6 6. d3 Nge7 7. 0-0 d5 8. Bb3 0-0 9. Qe1 dxe4 10. dxe4 b6 11. Be3 Ba6 12. Rf2 c4 13. Qe2 b5 14. a4 Qa5 15. Rff1 b4 16. Bxc4 Bxc4 17. Qxc4 bxc3 18. b3 Qb4 19. Qxb4 Nxb4 20. Bc5 Nbc6 21. b4 Rfe8 22. Rad1 a5 23. b5 Nb4 24. Ne1 Rac8 25. Bb6 Rc4 26. Bxa5 Rxe4 27. Rb1 Ned5 28. g3 Ra8 29. Bxb4 Rxb4 30. Nd3 Rxb1 31. Rxb1 Rxa4 32. Kh1 Bd4 33. Nc1 Rb4 34. Rxb4 Nxb4 35. Ne2 Nxc2 36. b6 Bxb6 37. Nxc3 Ne3 38. Ne4 Kg7 39. h3 f6 40. Kg1 e5 41. Kf2 f5 42. Ng5 e4 43. Ke2 Nd5 44. Ne6+ Kg8 45. h4 h6 0-1

[Event "Barcelona Sant Marti op-A 20th"]
[Site "Barcelona"]
[Date "2018.07.18"]
[Round "6"]
[White "Moreno Garcia, Elizabeth Paola"]
[Black "Riu Lopez, Daniel"]
[Result "1/2-1/2"]
[WhiteElo "2029"]
[BlackElo "1920"]
[PlyCount "44"]
[EventDate "2018.07.13"]
[EventType "swiss"]
[EventRounds "9"]
[EventCountry "ESP"]
[SourceTitle "CBM 185 Extra"]
[Source "ChessBase"]
[SourceDate "2018.07.29"]
[SourceVersion "1"]
[SourceVersionDate "2018.07.29"]
[SourceQuality "1"]

1. e4 d5 2. exd5 Qxd5 3. Nc3 Qa5 4. d4 Nf6 5. Bc4 Nc6 6. Nge2 a6 7. a3 e6 8. Bf4 Bd6 9. 0-0 0-0 10. d5 exd5 11. Bxd6 cxd6 12. Bxd5 Nxd5 13. Qxd5 Qxd5 14. Nxd5 Bf5 15. Ne3 Be6 16. Rad1 Rfd8 17. Rd2 Rd7 18. Rfd1 Rad8 19. Nf4 Ne7 20. c4 Kf8 21. Nfd5 Bxd5 22. Nxd5 Nxd5 1/2-1/2

[Event "Foment Martinenc op-A 20th"]
[Site "Barcelona"]
[Date "2018.06.02"]
[Round "7"]
[White "Perez Garcia, Adria"]
[Black "Riu Lopez, Daniel"]
[Result "1/2-1/2"]
[WhiteElo "2137"]
[BlackElo "2126"]
[PlyCount "102"]
[EventDate "2018.04.21"]
[EventType "swiss"]
[EventRounds "9"]
[EventCountry "ESP"]
[SourceTitle "CBM 184 Extra"]
[Source "ChessBase"]
[SourceDate "2018.06.28"]
[SourceVersion "1"]
[SourceVersionDate "2018.06.28"]
[SourceQuality "1"]

1. d4 Nf6 2. Bf4 e6 3. e3 d5 4. c3 c5 5. Nd2 Nc6 6. Ngf3 Bd6 7. Bg3 0-0 8. Bb5 a6 9. Bxc6 bxc6 10. Qa4 Bb7 11. Bxd6 Qxd6 12. Qa3 Rfd8 13. Qxc5 Qxc5 14. dxc5 a5 15. Ne5 Ne8 16. 0-0-0 f6 17. Nd3 Nc7 18. f4 Kf7 19. a4 Ba6 20. Nb3 Rdc8 21. Nd4 Bxd3 22. Rxd3 Na6 23. Nb3 Rcb8 24. Kc2 Rxb3 25. Kxb3 Nxc5+ 26. Kc2 Nxd3 27. Kxd3 c5 28. Rc1 Rb8 29. Rc2 Ke7 30. g4 Kd6 31. e4 c4+ 32. Ke3 Kc5 33. Rd2 Rd8 34. h4 Rd6 35. e5 Rd7 36. exf6 gxf6 37. g5 Rf7 38. Rg2 e5 39. fxe5 fxe5 40. h5 Rg7 41. g6 hxg6 42. hxg6 Kd6 43. Kf3 Ke6 44. Rg1 Kf6 45. Rd1 Rd7 46. Rg1 Rg7 47. Rd1 Ke6 48. Rg1 Kd6 49. Rg5 Ke6 50. Rg1 Kd6 51. Rg5 Ke6 1/2-1/2

[Event "Barcelona Paredes Memorial 19th"]
[Site "Barcelona"]
[Date "2017.04.22"]
[Round "1"]
[White "Riu Lopez, Daniel"]
[Black "Riu Lopez, Sergio"]
[Result "0-1"]
[WhiteElo "2098"]
[BlackElo "1869"]
[PlyCount "102"]
[EventDate "2017.04.22"]
[EventType "swiss"]
[EventRounds "9"]
[EventCountry "ESP"]
[SourceTitle "EXT 2018"]
[Source "ChessBase"]
[SourceDate "2017.10.13"]
[SourceVersion "1"]
[SourceVersionDate "2017.10.13"]
[SourceQuality "1"]

1. e4 c5 2. Nc3 g6 3. Bc4 Bg7 4. f4 e6 5. Nf3 Nc6 6. d3 Nge7 7. 0-0 d5 8. Bb3 0-0 9. Kh1 b6 10. Qe1 Nd4 11. Nxd4 cxd4 12. Ne2 dxe4 13. dxe4 d3 14. Nc3 Bb7 15. e5 Nf5 16. Be3 dxc2 17. Bxc2 Rc8 18. Rd1 Qc7 19. Rf2 Qc4 20. Rfd2 Bh6 21. Bxf5 exf5 22. Rd4 Qc6 23. Qe2 Qc7 24. Rd7 Qb8 25. Qd2 Rc7 26. Nb5 Rxd7 27. Qxd7 Qa8 28. Qd2 Be4 29. Nc7 Qb7 30. Nd5 Bg7 31. Nc3 Bc6 32. Kg1 Rc8 33. Nd5 Bf8 34. Nf6+ Kg7 35. g4 Bf3 36. Rf1 fxg4 37. Qf2 Bc5 38. Bxc5 Rxc5 39. h3 h5 40. hxg4 Bxg4 41. Qd2 Qc8 42. Qd6 Rc2 43. Ne4 Bf5 44. Qf6+ Kg8 45. Nf2 Qc5 46. Qd8+ Kh7 47. Qf6 Be6 48. Qg5 Bc4 49. Qh4 Bxf1 50. Kxf1 Rxb2 51. f5 Qxf2+ 0-1

[Event "Barcelona Sants op-A18th"]
[Site "Barcelona"]
[Date "2016.08.27"]
[Round "9"]
[White "Riu Lopez, Daniel"]
[Black "Kvetny, Mark"]
[Result "1/2-1/2"]
[WhiteElo "1912"]
[BlackElo "2379"]
[PlyCount "39"]
[EventDate "2016.08.19"]
[EventType "swiss"]
[EventRounds "10"]
[EventCountry "ESP"]
[SourceTitle "EXT 2017"]
[Source "ChessBase"]
[SourceDate "2016.10.25"]
[SourceVersion "1"]
[SourceVersionDate "2016.10.25"]
[SourceQuality "1"]

1. e4 c5 2. Nc3 a6 3. a4 e6 4. Bc4 Nc6 5. f4 Nf6 6. d3 d5 7. Ba2 dxe4 8. Nxe4 b6 9. Nf3 Bb7 10. c3 Be7 11. 0-0 Qd7 12. Qe2 Rd8 13. Nxf6+ gxf6 14. f5 Qxd3 15. Qxd3 Rxd3 16. fxe6 fxe6 17. Bxe6 Rd6 18. Bf5 Ne5 19. Bf4 Bxf3 20. gxf3 1/2-1/2

[Event "Barcelona Sants op-A18th"]
[Site "Barcelona"]
[Date "2016.08.26"]
[Round "8"]
[White "Cruz, Jonathan"]
[Black "Riu Lopez, Daniel"]
[Result "1-0"]
[WhiteElo "2433"]
[BlackElo "1912"]
[PlyCount "53"]
[EventDate "2016.08.19"]
[EventType "swiss"]
[EventRounds "10"]
[EventCountry "ESP"]
[SourceTitle "CBM 174 Extra"]
[Source "ChessBase"]
[SourceDate "2016.10.10"]
[SourceVersion "1"]
[SourceVersionDate "2016.10.10"]
[SourceQuality "1"]

1. d4 Nf6 2. c4 e6 3. Nf3 Bb4+ 4. Bd2 a5 5. Qc2 d5 6. a3 Bxd2+ 7. Nbxd2 0-0 8. e4 dxe4 9. Nxe4 Nc6 10. 0-0-0 Nxe4 11. Qxe4 f5 12. Qe3 Qf6 13. Bd3 Rd8 14. Bc2 Rb8 15. d5 exd5 16. cxd5 Ne7 17. Bb3 Kh8 18. Rhe1 Ng6 19. d6 cxd6 20. Ng5 f4 21. Qe8+ Rxe8 22. Rxe8+ Nf8 23. Rxd6 Be6 24. Rxb8 Bxb3 25. Rxf6 gxf6 26. Nxh7 Kxh7 27. Rxb7+ 1-0

[Event "Barcelona Sants op-A18th"]
[Site "Barcelona"]
[Date "2016.08.25"]
[Round "7"]
[White "Riu Lopez, Daniel"]
[Black "Zwirs, Nico"]
[Result "1-0"]
[WhiteElo "1912"]
[BlackElo "2374"]
[PlyCount "47"]
[EventDate "2016.08.19"]
[EventType "swiss"]
[EventRounds "10"]
[EventCountry "ESP"]
[SourceTitle "CBM 174 Extra"]
[Source "ChessBase"]
[SourceDate "2016.10.10"]
[SourceVersion "1"]
[SourceVersionDate "2016.10.10"]
[SourceQuality "1"]

1. e4 c5 2. Nc3 Nc6 3. f4 g6 4. Nf3 Bg7 5. Bc4 a6 6. a4 d6 7. 0-0 Nf6 8. d3 Nd4 9. Nxd4 cxd4 10. Ne2 d5 11. exd5 Nxd5 12. Ng3 e6 13. Qf3 0-0 14. f5 Be5 15. Bh6 Ne3 16. Bxf8 Nxf1 17. Rxf1 Qxf8 18. fxe6 Bxe6 19. Bxe6 fxe6 20. Qxb7 Qe8 21. Ne4 Rc8 22. Qxa6 Rxc2 23. Qb7 Rc7 24. Qxc7 1-0

[Event "Foment Martinenc op-A 18th"]
[Site "Barcelona"]
[Date "2016.05.07"]
[Round "3"]
[White "Orteu Capdevila, Max"]
[Black "Riu Lopez, Daniel"]
[Result "1/2-1/2"]
[WhiteElo "2019"]
[BlackElo "1929"]
[PlyCount "75"]
[EventDate "2016.04.23"]
[EventType "swiss"]
[EventRounds "9"]
[EventCountry "ESP"]
[SourceTitle "EXT 2017"]
[Source "ChessBase"]
[SourceDate "2016.10.25"]
[SourceVersion "1"]
[SourceVersionDate "2016.10.25"]
[SourceQuality "1"]

1. c4 b6 2. e4 Bb7 3. Nc3 e5 4. Nge2 Nc6 5. d4 exd4 6. Nxd4 Bb4 7. Nde2 a5 8. Be3 Nf6 9. a3 Be7 10. Ng3 0-0 11. Be2 d6 12. 0-0 Nd7 13. Qd2 Bf6 14. Nh5 Nc5 15. Rad1 Re8 16. Nxf6+ Qxf6 17. Nd5 Qd8 18. f3 Ne5 19. b4 axb4 20. axb4 Ncd7 21. f4 Ng6 22. Bf3 Bxd5 23. cxd5 Nf6 24. Qc2 Ra3 25. Bc1 Ra7 26. g3 Qd7 27. Bb2 Qa4 28. Qc3 Qb5 29. Rfe1 Ra4 30. e5 Rxb4 31. exf6 Rxe1+ 32. Rxe1 Rxb2 33. Qxc7 Qc5+ 34. Qxc5 bxc5 35. Re8+ Nf8 36. fxg7 Kxg7 37. Rd8 Rb6 38. f5 1/2-1/2

[Event "Foment Martinenc op-A 18th"]
[Site "Barcelona"]
[Date "2016.04.30"]
[Round "2"]
[White "Riu Lopez, Daniel"]
[Black "Aguadero Casado, Jorge Ignacio"]
[Result "1-0"]
[WhiteElo "1929"]
[BlackElo "1663"]
[PlyCount "63"]
[EventDate "2016.04.23"]
[EventType "swiss"]
[EventRounds "9"]
[EventCountry "ESP"]
[SourceTitle "EXT 2017"]
[Source "ChessBase"]
[SourceDate "2016.10.25"]
[SourceVersion "1"]
[SourceVersionDate "2016.10.25"]
[SourceQuality "1"]

1. e4 c6 2. d4 d5 3. Nc3 dxe4 4. Nxe4 Bf5 5. Nc5 Qc7 6. Bd3 Bxd3 7. Nxd3 Nf6 8. Bf4 Qb6 9. Nf3 e6 10. 0-0 Nbd7 11. Re1 Be7 12. c3 0-0 13. Qc2 c5 14. Rad1 cxd4 15. Nxd4 Nd5 16. Ne5 Nxe5 17. Bxe5 Bf6 18. f4 Bxe5 19. fxe5 Rfd8 20. Kh1 Rac8 21. Re4 Ne7 22. Qe2 Ng6 23. h4 Qa5 24. h5 Ne7 25. Rf1 Qxa2 26. Ref4 Nf5 27. Nxf5 exf5 28. Rxf5 Rc7 29. Qf2 b6 30. h6 g6 31. Qh4 f6 32. Qxf6 1-0

[Event "Badalona op-B 41st"]
[Site "Badalona"]
[Date "2015.08.03"]
[Round "2"]
[White "Flores Linan, Josep Luis"]
[Black "Riu Lopez, Daniel"]
[Result "1-0"]
[WhiteElo "2021"]
[BlackElo "2100"]
[PlyCount "80"]
[EventDate "2015.08.02"]
[EventType "swiss"]
[EventRounds "9"]
[EventCountry "ESP"]
[SourceTitle "EXT 2016"]
[Source "ChessBase"]
[SourceDate "2015.10.08"]
[SourceVersion "1"]
[SourceVersionDate "2015.10.08"]
[SourceQuality "1"]

1. d4 Nf6 2. c4 e6 3. Nf3 Bb4+ 4. Bd2 a5 5. g3 d5 6. a3 Bxd2+ 7. Nbxd2 Nbd7 8. Bg2 c5 9. 0-0 0-0 10. Rc1 b6 11. Re1 Bb7 12. cxd5 exd5 13. e3 Ne4 14. dxc5 Ndxc5 15. Nxe4 dxe4 16. Ne5 f6 17. b4 axb4 18. axb4 Qxd1 19. Rexd1 Nb3 20. Rc7 fxe5 21. Rdd7 Rf6 22. Rxg7+ Kf8 23. Rxh7 Bd5 24. Rh8+ Bg8 25. Bxe4 Ra1+ 26. Kg2 Ra2 27. Rc8+ Ke7 28. Rhxg8 Rfxf2+ 29. Kh3 Rxh2+ 30. Kg4 Ra4 31. Rc7+ Kd6 32. Rc6+ Ke7 33. Rxb6 Nc5 34. Rg7+ Kf8 35. Rc7 Na6 36. Ra7 Rxb4 37. Raxa6 Rxe4+ 38. Kf3 Rc4 39. Ra8+ Ke7 40. Ra7+ Kf8 1-0

[Event "Barcelona Sant Marti op-A 17th"]
[Site "Barcelona"]
[Date "2015.07.17"]
[Round "5"]
[White "Scheffknecht, Philipp"]
[Black "Riu Lopez, Daniel"]
[Result "1-0"]
[WhiteElo "2121"]
[BlackElo "1839"]
[PlyCount "55"]
[EventDate "2015.07.13"]
[EventType "swiss"]
[EventRounds "9"]
[EventCountry "ESP"]
[SourceTitle "CBM 167 Extra"]
[Source "ChessBase"]
[SourceDate "2015.09.14"]
[SourceVersion "1"]
[SourceVersionDate "2015.09.14"]
[SourceQuality "1"]

1. d4 Nf6 2. c4 e6 3. Nf3 Bb4+ 4. Bd2 a5 5. Qc2 d5 6. a3 Bxd2+ 7. Nbxd2 0-0 8. e4 dxe4 9. Nxe4 Nc6 10. 0-0-0 a4 11. Kb1 Nxe4 12. Qxe4 Qf6 13. Bd3 g6 14. g4 Rd8 15. g5 Qg7 16. Bc2 Bd7 17. h4 Na5 18. Ne5 Nxc4 19. Nxc4 Bc6 20. Qe2 Bxh1 21. Rxh1 Qxd4 22. h5 b5 23. hxg6 hxg6 24. Ne5 Qd2 25. Qf3 f5 26. Qh3 Kf8 27. Qh7 Rd7 28. Nxg6+ 1-0

[Event "Barcelona Sant Marti op 5th"]
[Site "Barcelona"]
[Date "2014.09.13"]
[Round "8.4"]
[White "Riu Lopez, Daniel"]
[Black "Martin Perez, Laura"]
[Result "0-1"]
[WhiteElo "2024"]
[BlackElo "2195"]
[PlyCount "52"]
[EventDate "2014.09.13"]
[EventType "swiss"]
[EventRounds "9"]
[EventCountry "ESP"]
[SourceTitle "EXT 2024"]
[Source "ChessBase"]
[SourceDate "2023.10.10"]
[SourceVersion "1"]
[SourceVersionDate "2023.10.10"]
[SourceQuality "1"]

1. e4 e5 2. Nf3 Nc6 3. Bc4 Bc5 4. c3 Nf6 5. d4 exd4 6. e5 d5 7. Bb5 Ne4 8. cxd4 Bb6 9. Nc3 Bg4 10. Bxc6+ bxc6 11. Be3 0-0 12. h3 Bh5 13. Rc1 Nxc3 14. bxc3 f6 15. Bf4 fxe5 16. Bxe5 Qe8 17. Qd3 Qf7 18. Rg1 Rae8 19. Rc2 Bg6 20. Qd2 Bxc2 21. Qxc2 Qf5 22. Qc1 c5 23. Qb2 cxd4 24. cxd4 Qe4+ 25. Kd2 Ba5+ 26. Kd1 Rb8 0-1

[Event "Foment Martinenc op-B 16th"]
[Site "Barcelona"]
[Date "2014.06.21"]
[Round "9"]
[White "Flores Linan, Josep Luis"]
[Black "Riu Lopez, Daniel"]
[Result "1/2-1/2"]
[WhiteElo "2018"]
[BlackElo "2029"]
[PlyCount "112"]
[EventDate "2014.04.26"]
[EventType "swiss"]
[EventRounds "9"]
[EventCountry "ESP"]
[SourceTitle "EXT 2015"]
[Source "ChessBase"]
[SourceDate "2014.11.20"]
[SourceVersion "1"]
[SourceVersionDate "2014.11.20"]
[SourceQuality "1"]

1. d4 d5 2. Bg5 Nf6 3. Bxf6 exf6 4. e3 Nc6 5. Ne2 Be7 6. Ng3 0-0 7. Bd3 Re8 8. 0-0 Be6 9. Nd2 g6 10. Bb5 Qd7 11. Rc1 a6 12. Ba4 b5 13. Bb3 Na5 14. Qe2 Bf8 15. c3 Nxb3 16. Nxb3 Rad8 17. Rfe1 Bg4 18. Qd2 Bf5 19. Nc5 Bxc5 20. dxc5 Be6 21. Ne2 Qe7 22. b4 c6 23. Nd4 Qc7 24. Qd1 Ra8 25. a4 Kg7 26. Ra1 Bd7 27. Ra2 Qb7 28. Qf3 Ra7 29. Rea1 Rea8 30. Qf4 Be8 31. g4 Qe7 32. h4 Kg8 33. axb5 axb5 34. Nxc6 Bxc6 35. Rxa7 Rxa7 36. Qb8+ Kg7 37. Rxa7 Qe4 38. Qf4 Qb1+ 39. Kh2 d4 40. f3 Qf1 41. Ra2 dxe3 42. Qxe3 Bxf3 43. Rf2 Qh1+ 44. Kg3 Bc6 45. Qf4 Qg1+ 46. Kh3 Qh1+ 47. Rh2 Qe1 48. Rf2 Qh1+ 49. Qh2 Qe1 50. Qf4 Qh1+ 51. Rh2 Qe1 52. h5 Qxc3+ 53. Qg3 Qc1 54. hxg6 Qh6+ 55. Qh4 Qe3+ 56. Qg3 Qh6+ 1/2-1/2

[Event "Foment Martinenc op-B 16th"]
[Site "Barcelona"]
[Date "2014.04.26"]
[Round "1"]
[White "Riu Lopez, Daniel"]
[Black "Torralba Brosa, Marc"]
[Result "1-0"]
[WhiteElo "2029"]
[BlackElo "1878"]
[PlyCount "67"]
[EventDate "2014.04.26"]
[EventType "swiss"]
[EventRounds "9"]
[EventCountry "ESP"]
[SourceTitle "EXT 2015"]
[Source "ChessBase"]
[SourceDate "2014.11.20"]
[SourceVersion "1"]
[SourceVersionDate "2014.11.20"]
[SourceQuality "1"]

1. e4 c5 2. Nf3 g6 3. d4 cxd4 4. Nxd4 Bg7 5. Nc3 Nc6 6. Be3 Nf6 7. Bc4 0-0 8. Bb3 d6 9. f3 Bd7 10. h4 Ne5 11. g4 Rb8 12. Qd2 b5 13. h5 Nc4 14. Bxc4 bxc4 15. hxg6 fxg6 16. Bh6 Bxh6 17. Qxh6 Rf7 18. g5 Ne8 19. f4 Qb6 20. 0-0-0 Qxb2+ 21. Kd2 Qb6 22. Nde2 e6 23. Rh2 Nc7 24. Rdh1 Be8 25. Rb1 Nb5 26. a4 a6 27. axb5 axb5 28. f5 b4 29. Rxb4 Qxb4 30. fxg6 Rg7 31. gxh7+ Kh8 32. Qxg7+ Kxg7 33. h8Q+ Kf7 34. Qf6+ 1-0

[Event "Barcelona Sant Marti op-B 15th"]
[Site "Barcelona"]
[Date "2013.07.18"]
[Round "6"]
[White "Colom Andres, Xavier"]
[Black "Riu Lopez, Daniel"]
[Result "1-0"]
[WhiteElo "1876"]
[BlackElo "1691"]
[PlyCount "67"]
[EventDate "2013.07.13"]
[EventType "swiss"]
[EventRounds "9"]
[EventCountry "ESP"]
[SourceTitle "CBM 155 Extra"]
[Source "ChessBase"]
[SourceDate "2013.08.26"]
[SourceVersion "1"]
[SourceVersionDate "2013.08.26"]
[SourceQuality "1"]

1. d4 d5 2. c4 e6 3. Nc3 Nf6 4. Bg5 Nbd7 5. e3 c6 6. Nf3 Qa5 7. Nd2 Bb4 8. Qc2 0-0 9. Bd3 dxc4 10. Bxh7+ Nxh7 11. Bh4 Bxc3 12. bxc3 Qh5 13. Bg3 b5 14. a4 Nb6 15. a5 Na4 16. Nxc4 Qd5 17. Ne5 Qxg2 18. Ke2 Bb7 19. Rhg1 Qd5 20. e4 Qd8 21. Bf4 Qf6 22. Rg4 Qd8 23. Rag1 g6 24. Nxg6 fxg6 25. e5 Kh8 26. Rxg6 Rxf4 27. Rg7 Rh4 28. Rxb7 Qf8 29. Qg6 Rxh2 30. Rf7 Qg8 31. Rg7 Qf8 32. Rf7 Qh6 33. Rxh7+ Qxh7 34. Qf6+ 1-0

[Event "Barcelona Sant Marti op-B 15th"]
[Site "Barcelona"]
[Date "2013.07.16"]
[Round "4"]
[White "Riu Lopez, Daniel"]
[Black "Cartro Turu, Gabriel"]
[Result "1-0"]
[WhiteElo "1691"]
[BlackElo "1944"]
[PlyCount "115"]
[EventDate "2013.07.13"]
[EventType "swiss"]
[EventRounds "9"]
[EventCountry "ESP"]
[SourceTitle "CBM 155 Extra"]
[Source "ChessBase"]
[SourceDate "2013.08.26"]
[SourceVersion "1"]
[SourceVersionDate "2013.08.26"]
[SourceQuality "1"]

1. e4 d5 2. exd5 Qxd5 3. Nc3 Qa5 4. d4 e5 5. dxe5 Bb4 6. Bd2 Nc6 7. f4 Be6 8. a3 Nd4 9. Bd3 Bxc3 10. Bxc3 Qd5 11. Nf3 Nxf3+ 12. Qxf3 Qxf3 13. gxf3 Ne7 14. 0-0-0 0-0-0 15. Be4 Rxd1+ 16. Rxd1 c6 17. Bd4 b6 18. Bf2 g6 19. a4 Kc7 20. a5 Nd5 21. axb6+ axb6 22. Bg3 Ra8 23. Bxd5 Ra1+ 24. Kd2 Rxd1+ 25. Kxd1 Bxd5 26. Ke2 Kd7 27. f5 gxf5 28. f4 Ke6 29. Bh4 b5 30. Bf6 Be4 31. c3 Kd5 32. b3 Bc2 33. b4 Kc4 34. Ke3 c5 35. bxc5 Kxc5 36. Kf2 Bd1 37. Kg3 Bh5 38. Kh4 Bg6 39. Kg5 Kd5 40. h4 h5 41. Kh6 Ke6 42. Kg7 Kd7 43. Kf8 Ke6 44. Ke8 Bh7 45. Kd8 Bg6 46. Kc7 Kd5 47. Kb6 Kc4 48. Kc6 b4 49. cxb4 Kxb4 50. Kd6 Kc4 51. Bg5 Kd4 52. Ke7 Kd5 53. Kf6 Kc6 54. e6 fxe6 55. Kxg6 Kd5 56. Kxh5 e5 57. fxe5 Kxe5 58. Kg6 1-0

[Event "Barcelona Sant Marti op-B 15th"]
[Site "Barcelona"]
[Date "2013.07.13"]
[Round "1"]
[White "Riu Lopez, Daniel"]
[Black "Aprea, Daniele"]
[Result "1/2-1/2"]
[WhiteElo "1691"]
[BlackElo "1945"]
[PlyCount "106"]
[EventDate "2013.07.13"]
[EventType "swiss"]
[EventRounds "9"]
[EventCountry "ESP"]
[SourceTitle "CBM 155 Extra"]
[Source "ChessBase"]
[SourceDate "2013.08.26"]
[SourceVersion "1"]
[SourceVersionDate "2013.08.26"]
[SourceQuality "1"]

1. e4 e6 2. d4 d5 3. e5 c5 4. c3 Qb6 5. Nf3 Nc6 6. a3 c4 7. Be2 f6 8. Nbd2 fxe5 9. Nxe5 Nf6 10. f4 Bd6 11. Ndf3 0-0 12. 0-0 Na5 13. Be3 Ne4 14. Rb1 Qc7 15. Nd2 Nxd2 16. Qxd2 b5 17. Qe1 Nc6 18. Qg3 Ne7 19. Bg4 Nf5 20. Bxf5 exf5 21. Qf3 Be6 22. Qh5 Rf6 23. Qe2 a5 24. Ra1 Bd7 25. Bf2 Rff8 26. Bh4 Rae8 27. Rf3 Re6 28. Re3 Rfe8 29. Re1 Bc8 30. Qf3 Qb7 31. Qh5 g6 32. Qd1 Kg7 33. Rg3 Be7 34. Bxe7 R8xe7 35. h4 Bd7 36. h5 Be8 37. hxg6 Bxg6 38. Qh5 Kf8 39. Nxg6+ Rxg6 40. Qxf5+ Kg7 41. Rxg6+ hxg6 42. Rxe7+ Qxe7 43. Qe5+ Kf8 44. Qxe7+ Kxe7 45. g4 Kf6 46. Kf2 Ke6 47. Kf3 Kf6 48. Ke3 Ke6 49. Kd2 a4 50. Ke3 Kf6 51. Kf3 Ke6 52. Kg3 Kf7 53. f5 g5 1/2-1/2

[Event "Foment Martinenc op-B 15th"]
[Site "Barcelona"]
[Date "2013.04.27"]
[Round "2"]
[White "Riu Lopez, Daniel"]
[Black "Bes Alvarez, Alex"]
[Result "1-0"]
[WhiteElo "1674"]
[BlackElo "1700"]
[PlyCount "57"]
[EventDate "2013.04.20"]
[EventType "swiss"]
[EventRounds "9"]
[EventCountry "ESP"]
[SourceTitle "CBM 154 Extra"]
[Source "ChessBase"]
[SourceDate "2013.06.25"]
[SourceVersion "2"]
[SourceVersionDate "2013.06.25"]
[SourceQuality "1"]

1. e4 e5 2. Nf3 Nc6 3. Bc4 Bc5 4. c3 Nf6 5. d4 exd4 6. e5 Ng4 7. cxd4 Bxd4 8. Nxd4 Nxd4 9. Qxd4 Nh6 10. Bxh6 gxh6 11. Qf4 Rf8 12. 0-0 d5 13. exd6 cxd6 14. Re1+ Be6 15. Bxe6 fxe6 16. Rxe6+ Kd7 17. Rxd6+ Kc8 18. Rxd8+ Rxd8 19. Nc3 b6 20. Qg4+ Kb7 21. Rd1 Rxd1+ 22. Qxd1 h5 23. Nb5 Kc6 24. Qf3+ Kxb5 25. Qxa8 a5 26. Kf1 Kb4 27. Qc6 b5 28. Qc3+ Ka4 29. Qa3# 1-0